Language Quiz

Random Language or German Quiz

Every Country Official Language Quiz Stats

 Plays Quiz not verified by Sporcle

Support Sporcle.
Go Orange.
Score 0/197 Timer 10:00
0 Plays Today
Country Language % Correct
PakistanUrdu/English
98.7%
United States of AmericaEnglish
98.6%
ZambiaEnglish
98.6%
ZimbabweShona/English
98.6%
Antigua and BarbudaEnglish
98.5%
BahamasEnglish
98.5%
BelizeEnglish
98.5%
BotswanaEnglish
98.5%
CameroonFrench/English
98.5%
CanadaFrench/English
98.5%
IndiaHindi/English
98.5%
MaltaMaltese/English
98.5%
MauritiusEnglish
98.5%
MicronesiaEnglish
98.5%
New ZealandMāori/English
98.5%
NigeriaEnglish
98.5%
RwandaKinyarwanda/French/English
98.5%
St. Kitts and NevisEnglish
98.5%
St. LuciaEnglish
98.5%
St. Vincent and the GrenadinesEnglish
98.5%
SamoaSamoan/English
98.5%
Sierra LeoneEnglish
98.5%
Solomon IslandsEnglish
98.5%
South SudanEnglish
98.5%
EswatiniSwati/English
98.5%
TanzaniaSwahili/English
98.5%
Trinidad and TobagoEnglish
98.5%
TuvaluTuvaluan/English
98.5%
UgandaSwahili/English
98.5%
United KingdomEnglish
98.5%
NamibiaEnglish
98.5%
AustraliaEnglish
98.4%
DominicaEnglish
98.4%
FijiFijian/English/Fiji Hindi
98.4%
GambiaEnglish
98.4%
GhanaEnglish
98.4%
GrenadaEnglish
98.4%
GuyanaEnglish
98.4%
IrelandIrish/English
98.4%
JamaicaEnglish
98.4%
KenyaSwahili/English
98.4%
KiribatiKiribati/English
98.4%
LesothoSouthern Sotho/English
98.4%
LiberiaEnglish
98.4%
PhilippinesFilipino/English
98.4%
BarbadosEnglish
98.3%
BurundiKirundi/French/English
98.1%
SudanArabic/English
97.5%
Equatorial GuineaSpanish/French/Portuguese
97.3%
ChadFrench/Arabic
97.2%
ComorosComorian/Arabic/French
97.2%
DjiboutiFrench/Arabic
97.2%
ArgentinaSpanish
97.1%
UruguaySpanish
96.9%
VenezuelaSpanish
96.9%
BoliviaSpanish
96.8%
ChileSpanish
96.8%
ColombiaSpanish
96.8%
Costa RicaSpanish
96.8%
CubaSpanish
96.8%
Dominican RepublicSpanish
96.8%
EcuadorSpanish
96.8%
El SalvadorSpanish
96.8%
GuatemalaSpanish
96.8%
HondurasSpanish
96.8%
MexicoSpanish
96.8%
Country Language % Correct
NicaraguaSpanish
96.8%
PanamaSpanish
96.8%
ParaguayParaguayan Guaraní/Spanish
96.8%
PeruSpanish/Aymara
96.8%
SpainSpanish
96.8%
SwitzerlandGerman/French/Romansh/Italian
96.6%
HaitiHaitian Creole/French
96.4%
BeninFrench
96.2%
Burkina FasoFrench
96.2%
Central African RepublicSango/French
96.2%
Côte d'IvoireFrench
96.2%
Democratic Republic of the CongoFrench
96.2%
FranceFrench
96.2%
GabonFrench
96.2%
GuineaFrench
96.2%
MadagascarMalagasy/French
96.2%
MaliFrench
96.2%
MonacoFrench
96.2%
NigerFrench
96.2%
Republic of CongoFrench
96.2%
SenegalFrench
96.2%
TogoFrench
96.2%
BelgiumDutch/French/German
94.3%
BahrainArabic
93.1%
AustriaGerman
92.9%
GermanyGerman
92.9%
LiechtensteinGerman
92.9%
PalestineArabic
92.9%
LibyaArabic
92.8%
ChinaMandarin
92.7%
TaiwanMandarin
92.7%
AlgeriaArabic
92.6%
SingaporeMalay/English/Tamil/Mandarin
92.3%
YemenArabic
92%
EgyptArabic
91.9%
IraqKurdish/Arabic
91.9%
JordanArabic
91.9%
KuwaitArabic
91.9%
LebanonArabic
91.9%
MoroccoArabic
91.9%
OmanArabic
91.9%
QatarArabic
91.9%
Saudi ArabiaArabic
91.9%
SyriaArabic
91.9%
TunisiaArabic
91.9%
United Arab EmiratesArabic
91.9%
BrazilPortuguese
91.7%
Cape VerdePortuguese
91.7%
MozambiquePortuguese
91.7%
PortugalPortuguese
91.7%
São Tomé and PrincipePortuguese
91.7%
Timor-LestePortuguese/Tetun
91.6%
Guinea-BissauPortuguese
91.6%
Vatican CityItalian/Latin
91.6%
ItalyItalian
91%
San MarinoItalian
91%
AngolaPortuguese
90.8%
KyrgyzstanKyrgyz/Russian
90.7%
RussiaRussian
90.7%
TongaTongan/English
88.6%
NauruNauruan/English
87.8%
PalauPalauan/English
87.7%
South KoreaKorean
87.4%
JapanJapanese
87.2%
Marshall IslandsMarshallese/English
86.6%
CyprusGreek/Turkish
86.3%
Country Language % Correct
Papua New GuineaTok Pisin/English/Hiri Motu
86%
KazakhstanKazakh/Russian
85.6%
North KoreaKorean
84.6%
SwedenSwedish
84.5%
VanuatuFrench/Bislama/English
84.5%
FinlandFinnish/Swedish
84.4%
MalawiEnglish
84.2%
GreeceGreek
84.1%
South AfricaEnglish
83.7%
Bosnia and HerzegovinaBosnian/Serbian/Croatian
83.6%
SeychellesFrench/Seselwa/English
83.5%
NetherlandsDutch
82.8%
SurinameDutch
82.8%
TurkeyTurkish
82.8%
KosovoAlbanian/Serbian
82.7%
LuxembourgLuxembourgish/French/German
82.5%
PolandPolish
82.5%
SerbiaSerbian
81.3%
HungaryHungarian
81.1%
IcelandIcelandic
80.9%
RomaniaRomanian
80.2%
BelarusBelarusian/Russian
78.9%
AlbaniaAlbanian
78.8%
DenmarkDanish
78.8%
Czech RepublicCzech
78.6%
NorwayNorwegian
78.4%
LatviaLatvian
77.9%
MauritaniaArabic
77.9%
SlovakiaSlovak
77.9%
VietnamVietnamese
77.3%
North MacedoniaMacedonian/Albanian
77.1%
CroatiaCroatian
76%
MoldovaRomanian
76%
BulgariaBulgarian
75.7%
BruneiMalay
75.2%
MalaysiaMalay
75.2%
ThailandThai
74.8%
EstoniaEstonian
73.9%
SloveniaSlovenian
73.8%
IsraelHebrew
73.6%
LithuaniaLithuanian
73.6%
GeorgiaGeorgian
72.1%
MongoliaMongolian
70.4%
ArmeniaArmenian
69.8%
SomaliaSomali
69.1%
LaosLao
67.4%
UzbekistanUzbek
66.4%
IranPersian
65.1%
UkraineUkrainian
63.8%
IndonesiaIndonesian
59.7%
TurkmenistanTurkmen
58.3%
TajikistanTajiki
56.9%
BangladeshBengali
56.3%
AndorraCatalan
54.9%
NepalNepali
51.4%
AzerbaijanAzerbaijani
50.1%
MyanmarBurmese
49.5%
CambodiaKhmer
42.5%
Sri LankaSinhala/Tamil
42%
MontenegroMontenegrin
41.3%
AfghanistanPashto/Dari
36.4%
EthiopiaAmharic
30.9%
EritreaTigrinya
29.7%
BhutanDzongkha
21.1%
MaldivesDhivehi
15.5%

You're not logged in!

Compare scores with friends on all Sporcle quizzes.
OR
Log In

From the Vault

Large Nurikabe Puzzle

by sproutcm

The islands are getting larger.
Remove Ads.
Support Sporcle.
Get the best of Sporcle when you Go Orange. This ad-free experience offers more features, more stats, and more fun while also helping to support Sporcle. Thank you for becoming a member.

Show Comments

Extras

Top Quizzes Today


Score Distribution

Your Account Isn't Verified!

In order to create a playlist on Sporcle, you need to verify the email address you used during registration. Go to your Sporcle Settings to finish the process.

Report this User

Report this user for behavior that violates our Community Guidelines.

Details: